BOZP pri praktickom vyučovaní a pri príprave na povolanie

Potreba prepojenia odborného vzdelávania s praxou a zabezpečenie si nových, odborne zdatných a zručných zamestnancov (duálne vzdelávanie). Dodržiavanie BOZP žiakov a študentov prakticky sa pripravujúcich na svoje budúce povolanie. Povinnosti zamestnávateľov, u ktorých sa odborná prax uskutočňuje. Zá...

Descripción completa

Guardado en:
Detalles Bibliográficos
Autor principal: Kordošová, Miroslava
Formato: Capítulo de libro
Lenguaje:eslovaco
Materias:
Etiquetas: Agregar Etiqueta
Sin Etiquetas, Sea el primero en etiquetar este registro!

MARC

LEADER 00000naa a2200000 4500
001 0210156
005 20231127103314.1
041 0 |a slo 
044 |a SK 
245 1 0 |a BOZP pri praktickom vyučovaní a pri príprave na povolanie  |c Miroslava Kordošová 
520 |a Potreba prepojenia odborného vzdelávania s praxou a zabezpečenie si nových, odborne zdatných a zručných zamestnancov (duálne vzdelávanie). Dodržiavanie BOZP žiakov a študentov prakticky sa pripravujúcich na svoje budúce povolanie. Povinnosti zamestnávateľov, u ktorých sa odborná prax uskutočňuje. Zákon č. 61/2015 Z. z. o odbornom vzdelávaní a praktickej príprave na stredných odborných školách. 
610 2 0 |a školstvo 
610 2 0 |a školy stredné odborné 
610 2 0 |a vzdelávanie duálne 
610 2 0 |a škola a prax 
610 2 0 |a prax odborná 
610 2 0 |a bezpečnosť práce 
610 2 0 |a ochrana zdravia 
610 2 0 |a zákony 
100 1 |a Kordošová, Miroslava